000 01243nam a2200337 i 4500
003 EG-GICUC
005 20260310091323.0
008 260310s2008 ua ||||fr|||| 00| 0 ara d
017 _a2975
020 _a977-04-2295-9
040 _a EG-GICUC
_bara
_c EG-GICUC
_d EG-GICUC
_erda
041 0 _aara
082 0 4 _221
_a345.666
_bع ب . إ
092 0 4 _221
099 _aLaw1 07 345.666 ع ب . إ 2008
100 0 _aعبد الرؤؤف هاشم بسيوني
_eمؤلف.
245 1 0 _aإشكالات التنفيذ في أحكام القضاء الإداري /
_cدكتور عبد الرؤؤف هاشم بسيوني
264 1 _aالإسكندرية :
_bدار الفكر الجامعي،
_c2008.
300 _a104 صفحة ؛
_c24 سم
336 _2rda content
_atext
337 _2rda media
_aComputer
338 _2rda carrier
_aOnline Resource
504 _a. 105-101ببليوجرافيا: صفحات.
546 _aالنص باللغة العربية
650 1 4 _aالقانون الإداري
_2qrmak
650 1 4 _aتنفيذ القرارات الإدارية عن طريق القضاء
651 1 _2qrmak
856 4 0 _uhttps://fll.law.cu.edu.eg/fulltext/bks/B07-04009.pdf
905 _a74
942 _2ddc
_n0
_cBK
_e21
999 _c65942
_d65942